SEMAFOR 2011 zborník príspevkov : medzinárodná vedecká konferencia : Košice, 6.-7. október 2011

Gespeichert in:
Bibliographische Detailangaben
Körperschaften: SEMAFOR 2011. Medzinárodná vedecká konferencia, Ekonomická univerzita v Bratislave. Podnikovohospodárska fakulta so sídlom v Košiciach
Weitere Verfasser: Varcholová, Tatiana, Lieskovská, Vanda, 1961-, Pružinský, Michal, 1952-, Bašistová, Alena
Format: Buch
Sprache:Slowakisch
Englisch
Tschechisch
Polnisch
Veröffentlicht: Bratislava Vydavateľstvo EKONÓM 2011
Schlagworte:
Tags: Tag hinzufügen
Keine Tags, Fügen Sie das erste Tag hinzu!

MARC

LEADER 00000nlm$a2200000$$$4500
001 0142783
005 20240109072944.1
020 |a 978-80-225-3264-8 
041 0 |a slo 
041 0 |a eng 
041 0 |a cze 
041 0 |a pol 
044 |a SK 
245 1 0 |a SEMAFOR 2011  |b zborník príspevkov : medzinárodná vedecká konferencia : Košice, 6.-7. október 2011 
264 1 |a Bratislava  |b Vydavateľstvo EKONÓM  |c 2011 
300 |a CD-ROM 
610 2 0 |a regióny 
610 2 0 |a hospodárstvo regionálne 
610 2 0 |a riadenie podnikové 
610 2 0 |a globalizácia hospodárstva 
610 2 0 |a Slovensko 
610 2 0 |a manažment 
610 2 0 |a kríza hospodárska 
700 1 |a Varcholová, Tatiana 
700 1 |a Lieskovská, Vanda, 1961- 
700 1 |a Pružinský, Michal, 1952- 
700 1 |a Bašistová, Alena 
110 2 |a SEMAFOR 2011. Medzinárodná vedecká konferencia 
710 2 |a Ekonomická univerzita v Bratislave. Podnikovohospodárska fakulta so sídlom v Košiciach